Tribhuvan University Central Library

Mother who taught me how to live / (Record no. 123953)

MARC details
000 -LEADER
fixed length control field 00490nam a22001577a 4500
005 - DATE AND TIME OF LATEST TRANSACTION
control field 20250721094506.0
008 - FIXED-LENGTH DATA ELEMENTS--GENERAL INFORMATION
fixed length control field 250721b |||||||| |||| 00| 0 eng d
020 ## - INTERNATIONAL STANDARD BOOK NUMBER
International Standard Book Number 9788195388943
082 ## - DEWEY DECIMAL CLASSIFICATION NUMBER
Edition number 23rd.
Classification number 920
Item number R137m
100 1# - MAIN ENTRY--PERSONAL NAME
Personal name Rajkarnikar, Ghana Shyam
245 ## - TITLE STATEMENT
Title Mother who taught me how to live /
Statement of responsibility, etc. Ghana Shyam Rajkarnikar.
260 ## - PUBLICATION, DISTRIBUTION, ETC.
Place of publication, distribution, etc. New Delhi :
Name of publisher, distributor, etc. Brosis Publication & Distributors,
Date of publication, distribution, etc. 2021.
300 ## - PHYSICAL DESCRIPTION
Extent 205p.
650 ## - SUBJECT ADDED ENTRY--TOPICAL TERM
Topical term or geographic name entry element Rajkarnikar, Pran Maya
Form subdivision Biography
942 ## - ADDED ENTRY ELEMENTS (KOHA)
Source of classification or shelving scheme Dewey Decimal Classification
Koha item type General Collections
Holdings
Withdrawn status Lost status Source of classification or shelving scheme Damaged status Not for loan Home library Current library Shelving location Date acquired Total Checkouts Full call number Barcode Date last seen Price effective from Koha item type
    Dewey Decimal Classification     Tribhuvan University Central Library Tribhuvan University Central Library New Building 07/21/2025   920 R137m G96504 07/21/2025 07/21/2025 General Collections
    Dewey Decimal Classification     Tribhuvan University Central Library Tribhuvan University Central Library New Building 07/21/2025   920 R137m G96505 07/21/2025 07/21/2025 General Collections